|
|
|
|
| LEADER |
00000nab#a22000007a#4500 |
| 001 |
arbauad001291 |
| 003 |
AR-BaUAD |
| 005 |
20250711110432.0 |
| 008 |
930712|||||||||###||||||b###|0###a|spa|| |
| 040 |
|
|
|a AR-BaUAD
|c AR-BaUAD
|b spa
|
| 100 |
|
|
|a Niijima, Minoru
|
| 245 |
|
|
|a Josef Müller Brockmann /
|c Minoru Niijima;
|
| 300 |
0 |
|
|b fot.
|
| 653 |
|
|
|a ESCUELA SUIZA
|
| 653 |
|
|
|a MULLER BROCKMANN, JOSEF
|
| 653 |
|
|
|a DISEÑADORES GRAFICOS
|
| 653 |
|
|
|a AFICHES
|
| 653 |
|
|
|a DISEÑO GRAFICO
|
| 653 |
|
|
|a SIGLO XX
|
| 653 |
|
|
|a DECADA DE 1950
|
| 653 |
|
|
|a HISTORIA
|
| 653 |
|
|
|a SUIZA
|
| 773 |
0 |
|
|t CREATION
|g no. 3 [1990], p. 56-76
|
| 942 |
|
|
|c ARTI
|
| 952 |
|
|
|0 0
|1 0
|4 0
|7 0
|9 46211
|a AR-BAuAD
|b AR-BAuAD
|d 2025-07-11
|l 0
|p AAQA001291
|r 2025-07-11 11:04:32
|w 2025-07-11
|y ARTI
|
| 990 |
|
|
|a DG199
|b TD
|
| 998 |
|
|
|a AAQ
|b BIBUN76
|
| 999 |
|
|
|c 25884
|d 25884
|